LEGO Batman: The Videogame Characters - Statistics

General Stats
  • This quiz has been taken 114 times
  • The average score is 30 of 56
Answer Stats
Answer % Correct
Robin
100%
Batman
99%
Joker Goon
96%
Joker Henchman
96%
The Joker
96%
The Joker (Tropical)
96%
Riddler Goon
86%
Riddler Henchman
86%
The Riddler
86%
Clayface
85%
Harley Quinn
83%
Mr. Freeze
81%
Bane
80%
Catwoman
80%
Catwoman (Classic)
80%
The Penguin
78%
Alfred Pennyworth
76%
Killer Croc
76%
Penguin Goon
76%
Penguin Henchman
76%
Penguin Minion
76%
Two-Face
75%
Batgirl
74%
Poison Ivy
71%
Man-Bat
70%
Poison Ivy Goon
70%
Commissioner Gordon
63%
Nightwing
63%
Scarecrow
63%
Killer Moth
55%
Mad Hatter
53%
Bruce Wayne
48%
Hush
43%
Ra's Al Ghul
43%
Magnet
40%
Military Policeman
36%
Police Marksman
36%
Police Officer
36%
S.W.A.T.
36%
Glide
33%
Demolition
28%
Sonic
26%
Technology
23%
Yeti
20%
Fishmonger
14%
Water
13%
Freeze Girl
11%
Clown Goon
10%
Heat Protection
9%
Scientist
9%
Attract
8%
Sailor
8%
Security Guard
6%
Cold (DS Only)
5%
Zoo Sweeper
5%
Bio (DS Only)
0%
No matching quizzes found
Score Distribution
Percent of People with Each Score
Percentile by Number Answered
Your Score History
You have not taken this quiz